موسوعة القضايا العقارية : الإستملاك ، الملكية العقارية ، حق المرور ، السجل العقاري ، الشفعة ، القسمة العقارية ، إشارة الدعوى ،الإلحاق ، التحديد و التحرير / (رقم التسجيلة. 121636)
[ عرض عادي ]
| 000 -LEADER | |
|---|---|
| fixed length control field | 01078nam a22002777a 4500 |
| 005 - DATE AND TIME OF LATEST TRANSACTION | |
| control field | 20251108174925.0 |
| 008 - FIXED-LENGTH DATA ELEMENTS--GENERAL INFORMATION | |
| fixed length control field | 250721s2011 xx 000 0 ara d |
| 082 14 - DEWEY DECIMAL CLASSIFICATION NUMBER | |
| Classification number | م/346.56204/حنا |
| 100 1# - MAIN ENTRY--PERSONAL NAME | |
| Personal name | حنا، بدوي |
| Relator term | مؤلف |
| 245 10 - TITLE STATEMENT | |
| Title | موسوعة القضايا العقارية : الإستملاك ، الملكية العقارية ، حق المرور ، السجل العقاري ، الشفعة ، القسمة العقارية ، إشارة الدعوى ،الإلحاق ، التحديد و التحرير / |
| 250 ## - EDITION STATEMENT | |
| Edition statement | ط.2. |
| 264 1# - PRODUCTION, PUBLICATION, DISTRIBUTION, MANUFACTURE, AND COPYRIGHT NOTICE | |
| Place of production, publication, distribution, manufacture | صيدا : |
| Name of producer, publisher, distributor, manufacturer | مكتبة زين الحقوقية و الأدبية، |
| Date of production, publication, distribution, manufacture, or copyright notice | 2011. |
| 300 ## - PHYSICAL DESCRIPTION | |
| Extent | 9 ج. |
| 650 17 - SUBJECT ADDED ENTRY--TOPICAL TERM | |
| Topical term or geographic name as entry element | الممتلكات |
| 650 17 - SUBJECT ADDED ENTRY--TOPICAL TERM | |
| Topical term or geographic name as entry element | الممتلكات العقارية |
| 650 17 - SUBJECT ADDED ENTRY--TOPICAL TERM | |
| Topical term or geographic name as entry element | ملكية الأراضي |
| 650 17 - SUBJECT ADDED ENTRY--TOPICAL TERM | |
| Topical term or geographic name as entry element | حقوق الملكية |
| 650 17 - SUBJECT ADDED ENTRY--TOPICAL TERM | |
| Topical term or geographic name as entry element | حق الإنتفاع |
| 650 17 - SUBJECT ADDED ENTRY--TOPICAL TERM | |
| Topical term or geographic name as entry element | إجراءات الإستئناف |
| 650 17 - SUBJECT ADDED ENTRY--TOPICAL TERM | |
| Topical term or geographic name as entry element | حق الشفعة |
| 650 17 - SUBJECT ADDED ENTRY--TOPICAL TERM | |
| Topical term or geographic name as entry element | لبنان |
| 650 17 - SUBJECT ADDED ENTRY--TOPICAL TERM | |
| Topical term or geographic name as entry element | البيوع |
| 650 17 - SUBJECT ADDED ENTRY--TOPICAL TERM | |
| Topical term or geographic name as entry element | الإبطال |
| 942 ## - ADDED ENTRY ELEMENTS (KOHA) | |
| Source of classification or shelving scheme | Dewey Decimal Classification |
| Koha item type | مراجع |
| حالة السحب | حالة الفقدان | مصدر التصنيف | حالة التلف | غير قابل للإعارة | المكتبة الرئيسية | المكتبة الحالية | موقع الرف | تاريخ التزويد | الرقم المتسلسل | Total Checkouts | رقم الإستدعاء | الباركود | تاريخ آخر ظهور | تاريخ الفاتورة | نوع المادة (كوها) |
|---|---|---|---|---|---|---|---|---|---|---|---|---|---|---|---|
| Dewey Decimal Classification | Not For Loan | المكتبة المركزية | المكتبة المركزية | مراجع | 28/07/2025 | 1455236 | م/346.56204/حنا | PLD00164237 | 28/07/2025 | 28/07/2025 | مراجع | ||||
| Dewey Decimal Classification | Not For Loan | المكتبة المركزية | المكتبة المركزية | مراجع | 23/10/2010 | 1455237 | م/346.56204/حنا | PLD00164877 | 28/07/2025 | 23/10/2010 | مراجع | ||||
| Dewey Decimal Classification | Not For Loan | المكتبة المركزية | المكتبة المركزية | مراجع | 23/10/2010 | 1455238 | م/346.56204/حنا | PLD00164878 | 28/07/2025 | 23/10/2010 | مراجع | ||||
| Dewey Decimal Classification | Not For Loan | المكتبة المركزية | المكتبة المركزية | مراجع | 23/10/2010 | 1455239 | م/346.56204/حنا | PLD00164879 | 28/07/2025 | 23/10/2010 | مراجع | ||||
| Dewey Decimal Classification | Not For Loan | المكتبة المركزية | المكتبة المركزية | مراجع | 23/10/2010 | 1455240 | م/346.56204/حنا | PLD00164880 | 28/07/2025 | 23/10/2010 | مراجع | ||||
| Dewey Decimal Classification | Not For Loan | المكتبة المركزية | المكتبة المركزية | مراجع | 23/10/2010 | 1455241 | م/346.56204/حنا | PLD00164881 | 28/07/2025 | 23/10/2010 | مراجع | ||||
| Dewey Decimal Classification | Not For Loan | المكتبة المركزية | المكتبة المركزية | مراجع | 23/10/2010 | 1455242 | م/346.56204/حنا | PLD00164882 | 28/07/2025 | 23/10/2010 | مراجع | ||||
| Dewey Decimal Classification | Not For Loan | المكتبة المركزية | المكتبة المركزية | مراجع | 23/10/2010 | 1455243 | م/346.56204/حنا | PLD00164883 | 28/07/2025 | 23/10/2010 | مراجع | ||||
| Dewey Decimal Classification | Not For Loan | المكتبة المركزية | المكتبة المركزية | مراجع | 23/10/2010 | 1455244 | م/346.56204/حنا | PLD00164884 | 28/07/2025 | 23/10/2010 | مراجع |